Paroles- Olive et Tom générique - Statistiques

Statistiques générales
  • Ce quiz a été pris 814 fois
  • Le résultat moyen est 92 sur 117
Statistiques - réponses
Hint Réponse % Correct
et
97%
il
97%
Tom
97%
Paroles En
96%
en
96%
Olive
96%
sont
95%
ils
92%
Ils
92%
toujours
92%
pour
91%
a
88%
gagner
88%
gagner !
88%
forme
86%
Olivier
86%
super
81%
le
77%
but
76%
au
75%
de
75%
la
75%
venus
75%
avant
74%
entrainés
74%
faut
73%
on
72%
droit
70%
ballon
68%
marqué !
67%
minutes
67%
un
67%
victoire
67%
victoire !
67%
deux
64%
mi-temps
64%
Une
63%
passe
61%
Quand
61%
du
60%
pied
60%
quatre-vingt-dix
60%
équipier
59%
foncer
59%
bon
58%
bout
56%
crochet
56%
trouvé
55%
C'est
53%
assez
48%
nos
39%
battre
38%
espoirs
38%
car
37%
rassembler
36%
vont
33%
forcer
26%
goal !
22%
Aucun quiz correspondant
Distribution des résultats
% des personnes avec chaque résultat
Percentile par nombre de réponses
Votre historique - résultats
Vous n’avez pas pris ce quiz